00443nam a2200181Ia 4500003000400000005001700004008004100021020001300062040000700075041000800082082001500090100003100105245003800136260004000174300001600214365001300230650001800243OSt20230503093845.0210423s2003 xx 000 0 und d a71183744 cAL aeng a660.6 KUMH aKUMAR (H D);KUMAR (Swati). aModern concepts of biotechnology. aNew DelhibVikas Publicationsc2003 axvi,798bPB b275cINR aBiotechnology